• 首页
  • 本馆介绍
  • 公告通知
  • 最新文献
  • 馆藏检索
  • 电子资源
  • 读者导购
  • 参考咨询
  • 我的图书馆
  • 登录
  • 详细信息显示
  • 放入我的书架
  • 预约/预借图书
  • 作者相关作品
  • 分类相关作品
  • 丛书相关作品
  • 出版社相关作品

书目信息

  • 表格格式
  • 工作单格式
  • 卡片格式
题名:
社区研究与社会创新设计
    
 
作者: 季铁 著
分册:  
出版信息: 长沙   湖南大学出版社  2017
页数: 180页
开本: 26cm
丛书名: 设计学新视野丛书
单 册:
中图分类: TB21
科图分类:
主题词: 设计学--研究
电子资源:
ISBN: 978-7-5667-1099-4
000 01115oam2 2200253 450
001 4058
005 20180527213806.85
010    @a978-7-5667-1099-4@dCNY48.00
100    @a20180315d2017 em y0chiy50 ea
101 0  @achi
102    @aCN@b430000
105    @aa z 000yy
200 1  @a社区研究与社会创新设计@9she qu yan jiu yu she hui chuang xin she ji@dCommunity research and social innovation design@f季铁著@zeng
210    @a长沙@c湖南大学出版社@d2017
215    @a180页@c图@d26cm
225 1  @a设计学新视野丛书
330    @a本书设计的社会价值及参与社会创新的方法,从社会学和设计学两个不同的轨道做了较为全面的反思和探索,并通过一系列的国际合作工作坊、实践课题以及参与式的实地社区实践工作,对基于社区和网络的设计与社会创新方法做了有效的尝试,旨在使设计以一种更有张力的结构形式和社会认同力量(创新网络、设计网络、社会网络等)参与到各种社区的社会创新过程中。
461  0 @12001 @a设计学新视野丛书
510 1  @aCommunity research and social innovation design@zeng
606 0  @a设计学@x研究
690    @aTB21@v5
701  0 @a季铁@9ji tie@4著
801  0 @aCN@b91MARC@c20180315
905    @aMuseLib@dTB21@e187
    
    社区研究与社会创新设计=Community research and social innovation design/季铁著.-长沙:湖南大学出版社,2017
    180页:图;26cm.-(设计学新视野丛书)
    
    
    ISBN 978-7-5667-1099-4:CNY48.00
    本书设计的社会价值及参与社会创新的方法,从社会学和设计学两个不同的轨道做了较为全面的反思和探索,并通过一系列的国际合作工作坊、实践课题以及参与式的实地社区实践工作,对基于社区和网络的设计与社会创新方法做了有效的尝试,旨在使设计以一种更有张力的结构形式和社会认同力量(创新网络、设计网络、社会网络等)参与到各种社区的社会创新过程中。
●
相关链接 在E读中查询图书 在五车中查询图书 在当当中查询图书 在豆瓣中查询图书


正题名:社区研究与社会创新设计     索取号:TB21/187         预约/预借

序号 登录号 条形码 馆藏地/架位号 状态 备注
1 1111730   211117307   第二样本阅览室/ [索取号:TB21/187] 在馆    
2 1111731   211117316   教育系资料室/ [索取号:TB21/187] 在馆    
3 1111732   211117325   教育系资料室/ [索取号:TB21/187] 在馆    
4 1111733   211117334   第三借阅区/ [索取号:TB21/187] 在馆    
唐山师范学院图书馆 欢迎您!
大连网信软件有限公司© 版权所有